"Compartir el pan de la palabra" (Record n. 98336)

Dettagli MARC
000 -LEADER
fixed length control field 01279nam a22001577a 4500
003 - CONTROL NUMBER IDENTIFIER
control field IT-RoPau
005 - DATE AND TIME OF LATEST TRANSACTION
control field 20220918181103.0
008 - FIXED-LENGTH DATA ELEMENTS--GENERAL INFORMATION
fixed length control field 130409b xxu||||| |||| 00| 0 eng d
040 ## - CATALOGING SOURCE
Transcribing agency IT-RoPau
245 ## - TITLE STATEMENT
Title "Compartir el pan de la palabra"
Remainder of title Dossier para el Ano Bíblico Paulino 1991 - 1992
250 ## - EDITION STATEMENT
Edition statement 1° ed
260 ## - PUBLICATION, DISTRIBUTION, ETC. (IMPRINT)
Place of publication, distribution, etc. Roma
Name of publisher, distributor, etc. Casa General SSP
Date of publication, distribution, etc. 1991
300 ## - PHYSICAL DESCRIPTION
Extent 137 pp.
Dimensions 28,5 cm
520 ## - SUMMARY, ETC.
Summary, etc. Indice<br/><br/>Presentación, del P. Renato Perino<br/>Nota introductiva, del P. Guido Gandolfo<br/>P. Franco Pierini, El P. Alberione y la Biblia<br/>(Esbozo de investigación histórico-cultural)<br/>P. Alejandro Castegnaro, El P. Alberione y San Pablo<br/>P. Angel Colacrai, Jn 14,6 - Contenido esencial y método de espiritualidad "paulina" - Apuntes<br/>P. Antonio da Silva, Jn. 14,6 - herencia carismática para la Familia Paulina<br/>P. Hugo Vanni, San Pablo y la Palabra de Dios<br/>Mons. Alberto Ablondi, la Biblia en la Iglesia hoy<br/>P. Angel Colacrai, Itinerario Bíblico-espiritual (Lectio Divina)<br/>P. Antonio F. da Silva, Una propuesta de interpretación de la experiencia Verdad-Camino-Vida<br/>Asamblea de Ariccia, Algunas sugerencias prácticas<br/>(para el compromiso individual y comunitario)<br/>P. Venancio Floriano, Propuestas para la "Hora de adoración" en los primeros domingos del mes
942 ## - ADDED ENTRY ELEMENTS (KOHA)
Source of classification or shelving scheme Dewey Decimal Classification
Koha item type LIBRO
Dati di copia
Withdrawn status Lost status Source of classification or shelving scheme Damaged status Not for loan Home library Current library Date acquired Total Checkouts Full call number Date last seen Price effective from Koha item type
    Dewey Decimal Classification Buone Condizioni Not For Loan PAULUS-BIBLIOTECA PAULUS-BIBLIOTECA 09/04/2013   P C3 09/04/2013 09/04/2013 LIBRO
    Dewey Decimal Classification Buone Condizioni Not For Loan PAULUS-BIBLIOTECA PAULUS-BIBLIOTECA 09/04/2013   P C3 09/04/2013 09/04/2013 LIBRO
    Dewey Decimal Classification Buone Condizioni Not For Loan PAULUS-BIBLIOTECA PAULUS-BIBLIOTECA 09/04/2013   P C3 09/04/2013 09/04/2013 LIBRO
CREDITS: SOCIETA' SAN PAOLO Via A.Severo, 58 - ROMA (RM) & PERIODICI SAN PAOLO SRL Via Giotto, 36 MILANO & CISF Via Giotto, 36 MILANO & EDIZIONI SAN PAOLO SRL,  Piazza Soncino, 5 CINISELLO BALSAMO (MI) -- ITALY